[Event "Nikaia op 22nd"]
[Site "Nikaia"]
[Date "2014.08.26"]
[Round "1"]
[White "Malliaros, Stavros"]
[Black "Tsolakidou, Stavroula"]
[Result "0-1"]
[WhiteElo "1802"]
[BlackElo "2240"]
[PlyCount "92"]
[EventDate "2014.08.26"]
[EventType "swiss"]
[EventRounds "9"]
[EventCountry "GRE"]
[SourceTitle "CBM 162 Extra"]
[Source "ChessBase"]
[SourceDate "2014.10.17"]
[SourceVersion "1"]
[SourceVersionDate "2014.10.17"]
[SourceQuality "1"]

1. Nc3 c5 2. Ne4 e6 3. f4 d5 4. Nf2 Bd6 5. g3 Nc6 6. Nf3 Nf6 7. Bg2 0-0 8. 0-0 e5 9. fxe5 Nxe5 10. Nxe5 Bxe5 11. Nd3 Bd6 12. Nf4 d4 13. c3 Re8 14. cxd4 cxd4 15. Qa4 Bxf4 16. Rxf4 Rxe2 17. Qxd4 Re1+ 18. Kf2 Qe7 19. g4 Nxg4+ 20. Rxg4 Qe2+ 21. Kg3 Qxg4+ 22. Qxg4 Bxg4 23. Kxg4 Rg1 24. Kg3 Rc8 25. a4 Rcxc1 26. Ra3 Rc2 27. Rd3 g6 28. Kf2 Rxg2+ 29. Kxg2 Rxb2 30. Rd8+ Kg7 31. Kg3 Rb4 32. Rd7 Rxa4 33. Rxb7 a5 34. Ra7 Ra3+ 35. Kf2 a4 36. d4 Ra2+ 37. Kg3 a3 38. d5 Kf6 39. d6 Ra1 40. d7 Ke7 41. Kg2 a2 42. Kh3 f5 43. Kg2 f4 44. Kh3 f3 45. Kg3 Rg1+ 46. Kf2 a1Q 0-1

[Event "Ambelokipi op 113th"]
[Site "Athens"]
[Date "2011.05.11"]
[Round "2"]
[White "Stamiris, Gerasimos"]
[Black "Malliaros, Stavros"]
[Result "1/2-1/2"]
[WhiteElo "1824"]
[BlackElo "2107"]
[PlyCount "43"]
[EventDate "2011.05.07"]
[EventType "swiss"]
[EventRounds "7"]
[EventCountry "GRE"]
[SourceTitle "EXT 2024"]
[Source "ChessBase"]
[SourceDate "2023.10.10"]
[SourceVersion "1"]
[SourceVersionDate "2023.10.10"]
[SourceQuality "1"]

1. d4 Nf6 2. Nf3 b6 3. Bg5 Ne4 4. Bh4 d5 5. Nbd2 Nxd2 6. Qxd2 g6 7. e3 Bg7 8. Bd3 0-0 9. 0-0 Ba6 10. Rac1 c5 11. c3 Bxd3 12. Qxd3 c4 13. Qe2 Qe8 14. e4 e6 15. Rfe1 Qa4 16. a3 Nc6 17. e5 b5 18. Qe3 Qa5 19. Bf6 Qc7 20. Qg5 a5 21. Re3 Rfe8 22. Rce1 1/2-1/2